Normal view
MARC view
Entry Topical Term
001 - CONTROL NUMBER
- control field: 10340
003 - CONTROL NUMBER IDENTIFIER
- control field: OSt
005 - DATE AND TIME OF LATEST TRANSACTION
- control field: 20150912132243.0
008 - FIXED-LENGTH DATA ELEMENTS
- fixed length control field: 150912|| aca||aabn | a|a d
040 ## - CATALOGING SOURCE
- Original cataloging agency: OSt
- Transcribing agency: OSt
150 ## - HEADING--TOPICAL TERM
- Topical term or geographic name entry element: Costumes
670 ## - SOURCE DATA FOUND
- Source citation: Work cat.: (OSt)1125: Alkazi, Roshen 10339, Ancient Indian Costume, 1996









